Normal view
MARC view
Entry Personal Name
001 - CONTROL NUMBER
- control field: 487572
003 - CONTROL NUMBER IDENTIFIER
- control field:
005 - DATE AND TIME OF LATEST TRANSACTION
- control field: 20210602140344.0
008 - FIXED-LENGTH DATA ELEMENTS
- fixed length control field: 210602|| aca||aabn | a|a d
040 ## - CATALOGING SOURCE
- Original cataloging agency:
- Transcribing agency:
100 ## - HEADING--PERSONAL NAME
- Personal name: Chattopadhyaya, H. P.
- Fuller form of name: (Haraprasad)
670 ## - SOURCE DATA FOUND
- Source citation: Work cat.: (): Chattopadhyaya, H. P. (Haraprasad), Ethnic unrest in modern Sri Lanka :, 1994
